शिवतीर्थ किल्ले रायगड प्रदक्षिणा स्पर्धा (Record no. 452503)

MARC details
000 -LEADER
fixed length control field 00693nam a2200145Ia 4500
008 - FIXED-LENGTH DATA ELEMENTS--GENERAL INFORMATION
fixed length control field 100204s9999 xx 000 0 und d
082 ## - DEWEY DECIMAL CLASSIFICATION NUMBER
Item number 8067
100 ## - MAIN ENTRY--PERSONAL NAME
Personal name परदेशी गे. ना.
245 ## - TITLE STATEMENT
Title शिवतीर्थ किल्ले रायगड प्रदक्षिणा स्पर्धा
260 ## - PUBLICATION, DISTRIBUTION, ETC. (IMPRINT)
Name of publisher, distributor, etc गे. ना. परदेशी अलिबाग
Date of publication, distribution, etc 1984
300 ## - PHYSICAL DESCRIPTION
Extent 88
630 ## - SUBJECT ADDED ENTRY--UNIFORM TITLE
Uniform title शिवतीर्थ किल्ले रायगड प्रदक्षिणा स्पर्धा
730 ## - ADDED ENTRY--UNIFORM TITLE
Uniform title शिवतीर्थ किल्ले रायगड प्रदक्षिणा स्पर्धा
942 ## - ADDED ENTRY ELEMENTS (KOHA)
Koha item type Book
Holdings
Withdrawn status Lost status Damaged status Not for loan Home library Current library Date acquired Cost, normal purchase price Total Checkouts Full call number Barcode Date last seen Cost, replacement price Price effective from Koha item type
        N. C. Kelkar Sarvajanik Library, Mulund N. C. Kelkar Sarvajanik Library, Mulund 02/04/2010 10.00   8067 NCKMULUND-8067 02/04/2010 10.00 02/04/2010 Book